[Event "XVI WSen"]
[Site "Arvier ITA"]
[Date "2006.09.13"]
[Round "3"]
[White "Beggi,P"]
[Black "Boey,J"]
[Result "0-1"]
[WhiteElo "2151"]
[BlackElo "2277"]

1.d4 g6 2.e4 Bg7 3.Nc3 d6 4.Bg5 c6 5.Be3 Nd7 6.Nf3 Ngf6 7.Be2 b5 8.a3 a6
9.e5 Ng4 10.exd6 Nxe3 11.fxe3 exd6 12.O-O Qe7 13.Qd3 O-O 14.Qe4 Qxe4 15.Nxe4 d5
16.Nd6 Bh6 17.Kf2 f5 18.Bd3 Rf6 19.Nxc8 Rxc8 20.a4 Re6 21.Rfe1 Rce8 22.axb5 axb5
23.Ra7 Nf6 24.h3 Rxe3 25.Rea1 R3e6 26.Ne5 Ne4+ 27.Kf1 Be3 28.c3 Rxe5 29.dxe5 Ng3+
30.Ke1 Bxa7 31.Rxa7 Rxe5+ 32.Kd1 Ne4 33.Kc2 Nc5 34.Rc7 Nxd3 35.Kxd3 Re6 36.Kd4 g5
37.Kc5 f4 38.Rxc6 Re2 39.Kxd5 Kg7 40.Re6 Rxb2 41.Rb6 Rxg2 42.Rxb5 Kg6 43.c4 Re2
44.c5 f3 45.Rb3 f2 46.Rf3 h5 47.c6 g4 48.hxg4 hxg4 49.c7 gxf3 50.c8=Q f1=Q
51.Qg4+ Kf6 52.Qf4+ Kg6 53.Qg4+ Kf7 54.Qf4+ Ke7 55.Qc7+ Ke8 56.Qc8+ Kf7 57.Qd7+ Kf6  0-1

[Event "ProMoPro Open"]
[Site "Prague CZE"]
[Date "2006.09.13"]
[Round "5"]
[White "Bernasek,V"]
[Black "Stolc,M"]
[Result "1/2-1/2"]
[WhiteElo "2128"]
[BlackElo "1993"]

1.d4 d6 2.e4 g6 3.Nc3 Bg7 4.Be3 Nf6 5.Qd2 c6 6.Bh6 Bxh6 7.Qxh6 b5 8.e5 b4
9.exf6 bxc3 10.bxc3 exf6 11.Qg7 Ke7 12.Qh6 Be6 13.Bd3 Qa5 14.Ne2 Nd7 15.O-O Qg5
16.Qxg5 fxg5 17.f4 h6 18.Rae1 Nb6 19.f5 gxf5 20.Bxf5 Rhf8 21.Ng3 Kd7 22.Nh5 Nd5
23.c4 Nf4 24.Nxf4 Bxf5 25.Nd5 cxd5 26.Rxf5 dxc4 27.Rb1 Ke6 28.g4 Rab8 29.Re1+ Kd7
30.Ra5 Rb7 31.Rf1 Ke6 32.Rff5 Rfb8 33.Kf1 Rc7 34.Ke2 Rb1 35.Rf3 Rg1 36.Re3+ Kf6
37.Kf3 Rd1 38.c3 Rf1+ 39.Kg2 Rc1 40.Ra6 Rc2+ 41.Kg3 Rd7 42.Rc6 Rxa2 43.Rxc4 Re7
44.Rf3+ Kg7 45.Rf2 Rxf2 46.Kxf2 Kf6 47.Rc6 Ke6 48.c4 Rb7 49.c5 Rd7 50.Ke3 Kd5
51.Rc8 dxc5 52.Rxc5+ Ke6 53.Ra5 Rb7 54.Ke4 Kd6 55.Ra6+ Ke7 56.Rxh6 Rb6 57.Rh5 Rb5
58.h4 Kf6 59.hxg5+ Rxg5 60.Rxg5 Kxg5 61.Ke5 a5 62.d5 a4 63.d6 a3 64.d7 f6+
65.Ke6 a2 66.d8=Q a1=Q  1/2-1/2

[Event "5th Open"]
[Site "Izmir TUR"]
[Date "2006.09.14"]
[Round "5"]
[White "Velikhanli,F"]
[Black "Celiker,Y"]
[Result "0-1"]
[WhiteElo "2323"]
[BlackElo "2087"]

1.e4 g6 2.d4 Bg7 3.Nc3 d6 4.f4 Nf6 5.Nf3 O-O 6.Be2 c5 7.d5 e6 8.O-O exd5
9.exd5 a6 10.a4 b6 11.Kh1 Ra7 12.Bd3 Qc7 13.Nh4 Bg4 14.Be2 Bxe2 15.Qxe2 Qe7
16.Qd3 Ng4 17.Nf3 Re8 18.Bd2 Qd8 19.f5 Nd7 20.fxg6 hxg6 21.Bg5 Bf6 22.Bxf6 Qxf6
23.h3 Nge5 24.Nxe5 Qxe5 25.Qf3 Nf8 26.Qg4 Nh7 27.Rae1 Qxe1 28.Rxe1 Rxe1+
29.Kh2 Kg7 30.Qc8 g5 31.Qb8 Rd7 32.Qxb6 Nf6 33.Qxa6 g4 34.Qd3 Rde7 35.Qf5 R7e5
36.Qf4 gxh3 37.gxh3 Nh5 38.Qg4+ Kh6 39.a5 f5 40.Qf3 R1e3 41.Qf2 Kg5 42.a6 Nf4
43.a7 Rxh3+ 44.Kg1 Re8 45.Ne2 Rh4 46.Nxf4 Rxf4 47.Qd2 Kg4 48.Qa5 Ra8 49.Qc7 Kf3
50.Qf7 Rh8 51.a8=Q Rg4+  0-1

[Event "XVI WSen"]
[Site "Arvier ITA"]
[Date "2006.09.15"]
[Round "5"]
[White "Plachetka,J"]
[Black "Boey,J"]
[Result "1-0"]
[WhiteElo "2427"]
[BlackElo "2277"]

1.d4 g6 2.e4 Bg7 3.Nc3 d6 4.Be3 a6 5.Qd2 b5 6.f3 Nd7 7.h4 h5 8.Nh3 Nb6 9.Ng5 f6
10.Nh3 e6 11.b3 Ne7 12.Bd3 Nd7 13.Ne2 e5 14.a4 Rb8 15.axb5 axb5 16.Nf2 c5
17.dxc5 Nxc5 18.Nc3 b4 19.Bb5+ Kf7 20.Bc4+ Be6 21.Nb5 Nc8 22.Qxb4 Bf8 23.Bxc5 dxc5
24.Bxe6+ Kxe6 25.Qc4+ Ke7 26.O-O Qb6 27.Nc3 Qe6 28.Nd5+ Kf7 29.Ra6 Bd6 30.Rfa1 Rd8
31.Nd3 Kg7 32.Nxc5 Qf7 33.Nd3 Ne7 34.Ne3 Rbc8 35.Qxf7+ Kxf7 36.Nc4 Bb8 37.Kf1 Nc6
38.Nb6 Rc7 39.Nd5 Rcc8 40.b4 f5 41.c4 fxe4 42.fxe4 Kg7 43.c5 Nd4 44.Rb6 Rxd5
45.exd5 e4 46.Nf2 e3 47.d6 exf2 48.Ra8 Re8 49.Rbxb8  1-0

[Event "5th Open"]
[Site "Izmir TUR"]
[Date "2006.09.15"]
[Round "6"]
[White "Reyhan,D"]
[Black "Gumustas,I"]
[Result "1-0"]
[WhiteElo "2251"]
[BlackElo "1750"]

1.e4 g6 2.d4 Bg7 3.Nc3 d6 4.Be2 Nf6 5.h4 h5 6.Nh3 Bxh3 7.Rxh3 Nbd7 8.f4 e5
9.f5 exd4 10.Qxd4 O-O 11.Bg5 Qe7 12.O-O-O Qe5 13.fxg6 fxg6 14.Qc4+ Kh8 15.Qxc7 Nc5
16.Qxd6 Qxd6 17.Rxd6 Nfxe4 18.Nxe4 Nxe4 19.Rxg6 Rf2 20.Bd3 Nxg5 21.hxg5 Rxg2
22.Rxh5+ Kg8 23.Rxg7+ Kxg7 24.Rh7+ Kg8 25.g6 Rg1+ 26.Kd2 Rd8 27.Kc3  1-0

[Event "EU-chG16"]
[Site "Herceg Novi MNE"]
[Date "2006.09.16"]
[Round "6"]
[White "Stefanova,M"]
[Black "Sirisena,C"]
[Result "1/2-1/2"]
[WhiteElo "2041"]
[BlackElo "1950"]

1.e4 d6 2.d4 g6 3.Nc3 Bg7 4.Be3 Nf6 5.f3 c6 6.Qd2 Qa5 7.O-O-O b5 8.e5 b4
9.exf6 bxc3 10.Qxc3 Qxc3 11.bxc3 Bxf6 12.Bc4 Nd7 13.Ne2 Nb6 14.Bb3 Ba6 15.Ng3 O-O
16.Ne4 Bg7 17.Bg5 Rfe8 18.Rhe1 h6 19.Bh4 g5 20.Bg3 Bc4 21.Nd2 Bxb3 22.cxb3 Nd5
23.Kc2 c5 24.Nc4 cxd4 25.cxd4 Nb4+ 26.Kb1 d5 27.Ne5 Rac8 28.Re2 Nc6 29.Be1 e6
30.Nxc6 Rxc6 31.Bb4 Bf8 32.Bxf8 Kxf8 33.Rc2 Rec8 34.Re2 f6 35.h4 Kf7 36.hxg5 hxg5
37.Rh1 Kg7 38.g3 Rh8 39.Rxh8 Kxh8 40.f4 gxf4 41.gxf4 Kg7 42.a4 Rc3 43.Kb2 Rd3
44.Rc2 Rxd4 45.Rc7+ Kg8  1/2-1/2

[Event "TCh-FIN 2006-7"]
[Site "Joensuu FIN"]
[Date "2006.09.17"]
[Round "2"]
[White "Herranen,M"]
[Black "Linnanen,L"]
[Result "0-1"]
[WhiteElo "2012"]
[BlackElo "2179"]

1.e4 d6 2.d4 g6 3.Nc3 Bg7 4.f4 c6 5.Nf3 Bg4 6.Be3 d5 7.e5 h5 8.h3 Bxf3 9.Qxf3 e6
10.g3 Nd7 11.Bd3 Qb6 12.O-O-O O-O-O 13.Kb1 Bf8 14.Ka1 c5 15.dxc5 Nxc5 16.Be2 Qa5
17.Qf2 Kb8 18.Rd4 Qc7 19.Rhd1 Ne7 20.Nb5 Qc6 21.g4 hxg4 22.hxg4 Nc8 23.a3 a6
24.Nc3 Nd7 25.R4d2 Ncb6 26.Bd4 Rc8 27.Bd3 Nc5 28.Bf1 Nba4 29.Bg2 Nb6 30.Na2 Nc4
31.Re2 Na4 32.b3 Nxa3 33.bxa4 Nxc2+ 34.Kb1 Na3+ 35.Ka1 Qxa4 36.Rdd2 Qb3 37.Bb2 Bb4
38.Nxb4 Rc1+  0-1

[Event "TCh-FIN 2006-7"]
[Site "Tampere FIN"]
[Date "2006.09.17"]
[Round "2"]
[White "Karttunen,M"]
[Black "Hartikainen,M"]
[Result "1-0"]
[WhiteElo "2422"]
[BlackElo "2296"]

1.d4 g6 2.e4 Bg7 3.Nc3 d6 4.Be3 a6 5.Qd2 b5 6.a4 b4 7.Nd1 Bb7 8.f3 a5 9.c3 bxc3
10.bxc3 Nf6 11.Rb1 Bc6 12.Bb5 O-O 13.Nh3 Bb7 14.O-O c6 15.Bd3 Ba6 16.Rf2 Nbd7
17.Bxa6 Rxa6 18.Qd3 Rb6 19.Rfb2 Rxb2 20.Nxb2 Qa8 21.Nf4 Rb8 22.Nc4 Rxb1+
23.Qxb1 Qa6 24.Qb3 Ne8 25.d5 cxd5 26.Nxd5 e6 27.Ndb6 Nxb6 28.Bxb6 d5 29.exd5 exd5
30.Nxa5 Bxc3 31.Nc6 Qd3 32.Kh1 Nf6 33.Bg1 Qd2 34.Qb6 Nh5 35.Qe3 Nf4 36.Qxd2 Bxd2
37.a5 Ne6 38.Bb6  1-0

[Event "EU-chG16"]
[Site "Herceg Novi MNE"]
[Date "2006.09.18"]
[Round "8"]
[White "Khoo,S"]
[Black "Sirisena,C"]
[Result "1-0"]
[WhiteElo "1988"]
[BlackElo "1950"]

1.e4 d6 2.d4 g6 3.Nc3 Bg7 4.Nf3 c6 5.Be3 Nf6 6.Bd3 Nbd7 7.Qd2 Qc7 8.Bh6 O-O
9.h4 Qa5 10.h5 Bxh6 11.Qxh6 Ng4 12.Qf4 Ndf6 13.e5 Nd5 14.Qg5 Nxc3 15.bxc3 Qxc3+
16.Ke2 f6 17.Qc1 Kg7 18.hxg6 hxg6 19.Qf4 dxe5 20.dxe5 Nxe5 21.Qh6+ Kf7 22.Qh7+ Ke6
23.Rad1 Nxd3 24.Rxd3 Qxc2+ 25.Nd2  1-0

[Event "5th Open"]
[Site "Izmir TUR"]
[Date "2006.09.18"]
[Round "9"]
[White "Velikhanli,F"]
[Black "Gurevich,M"]
[Result "1-0"]
[WhiteElo "2323"]
[BlackElo "2643"]

1.e4 d6 2.d4 g6 3.Nc3 Bg7 4.f4 Nf6 5.Nf3 O-O 6.Bd3 Na6 7.O-O c5 8.d5 Nc7
9.a4 Bg4 10.h3 Bxf3 11.Qxf3 e6 12.Bd2 exd5 13.exd5 a6 14.a5 Rb8 15.f5 Nh5
16.Qg4 Bd4+ 17.Kh1 Be5 18.Rf3 Nf6 19.Qh4 Nfxd5 20.Bg5 Qd7 21.Nxd5 Nxd5 22.Bc4 Nc7
23.Re1 Rbe8 24.fxg6 hxg6 25.Rxe5 Rxe5 26.Bf6 Rh5 27.Qxh5  1-0

[Event "5th Open"]
[Site "Izmir TUR"]
[Date "2006.09.19"]
[Round "10"]
[White "Reyhan,D"]
[Black "Bratanov,Z"]
[Result "1/2-1/2"]
[WhiteElo "2251"]
[BlackElo "2420"]

1.e4 g6 2.d4 Bg7 3.Nc3 d6 4.Bc4 a6 5.a4 e6 6.Nf3 Ne7 7.O-O O-O 8.Re1 b6 9.Bg5 h6
10.Bh4 Nd7 11.Qd2 Bb7 12.Rad1 g5 13.Bg3 Ng6 14.h3 Kh8 15.Qe2 Re8 16.Nh2 Qe7
17.Nf1 c5 18.dxc5 dxc5 19.Bd6 Qf6 20.Ng3 Nde5 21.Nh5 Nf4 22.Nxf6 Nxe2+ 23.Bxe2 Bxf6
24.Bc7 Ng6 25.Bxb6 Bxc3 26.bxc3 Bxe4 27.Bxc5 Bxc2 28.Rd7 Kg8 29.a5 Nf4 30.Bf1 Red8
31.Rxd8+ Rxd8 32.Bb6 Ra8 33.c4 Bd3 34.c5 Bxf1 35.Kxf1 Rc8 36.Rb1 Kg7 37.Ba7 Kg6
38.Rb8 Rc6 39.g3 Nd3 40.Rb6 Rxc5 41.Rxa6 Rc2 42.Rd6 Nb4 43.Bb6 Ra2 44.Rd8 Kf5
45.Rh8 Kg6 46.Rg8+ Kf6 47.Rh8 Kg7 48.Rc8 h5 49.Rc1 Kg6 50.Rc4 Nd5 51.Bd8 f6
52.Rc6 Kf5 53.a6 e5 54.Rd6 Ke4 55.Bxf6 Kf3 56.Kg1 Nb4 57.Bxe5 Rxa6 58.Rxa6 Nxa6
59.Bd6 g4 60.hxg4 hxg4 61.Kf1 Ke4 62.Ke2 Kd5 63.Ba3 Nc7 64.Ke3 Ke5 65.Bd6+ Kxd6
66.Kf4 Ke6 67.Kxg4 Ke5  1/2-1/2

[Event "XVI WSen"]
[Site "Arvier ITA"]
[Date "2006.09.20"]
[Round "9"]
[White "Rosino,A"]
[Black "Barlocco,C"]
[Result "1/2-1/2"]
[WhiteElo "2290"]
[BlackElo "2183"]

1.e4 g6 2.d4 Bg7 3.Nc3 d6 4.f4 Nc6 5.Be3 Nf6 6.Be2 e6 7.Nf3 O-O 8.Qd2 a6
9.e5 Nd5 10.Bf2 Nxc3 11.Qxc3 Ne7 12.O-O-O b6 13.Bh4 Bb7 14.Bc4 Qd7 15.Bxe7 Qxe7
16.h4 dxe5 17.fxe5 c5 18.d5 exd5 19.Bxd5 Rfe8 20.h5 Rad8 21.Bxb7 Qxb7 22.hxg6 hxg6
23.Qe3 Rxd1+ 24.Rxd1 Qe7 25.Re1 Qe6 26.Qb3 Qxb3 27.axb3 Kf8 28.Kd2 Re6  1/2-1/2

[Event "2nd Geller Mem Open-A"]
[Site "Odessa UKR"]
[Date "2006.09.20"]
[Round "2"]
[White "Golubev,M"]
[Black "Andrenko,I"]
[Result "1-0"]
[WhiteElo "2467"]
[BlackElo "1988"]

1.e4 d6 2.Nc3 g6 3.d4 Bg7 4.Nf3 Nf6 5.Be3 O-O 6.Qd2 c6 7.Bh6 Nbd7 8.Bxg7 Kxg7
9.e5 Nd5 10.h4 f6 11.Nxd5 cxd5 12.h5 Rh8 13.O-O-O Nb6 14.Qf4 dxe5 15.dxe5 g5
16.exf6+ exf6 17.h6+ Kg8 18.Nxg5 fxg5 19.Qe5 Kf7  1-0

[Event "XVI WSen"]
[Site "Arvier ITA"]
[Date "2006.09.22"]
[Round "11"]
[White "Karl,H"]
[Black "Chernikov,O"]
[Result "1/2-1/2"]
[WhiteElo "2240"]
[BlackElo "2422"]

1.d4 d6 2.e4 g6 3.Nc3 Bg7 4.Nf3 Bg4 5.Be2 Nc6 6.Be3 e5 7.d5 Bxf3 8.Bxf3 Nd4
9.Bxd4 exd4 10.Ne2 Nf6 11.Nxd4 O-O 12.O-O a5 13.c3 Nd7 14.g3  1/2-1/2

[Event "TCh-NED 2006-7"]
[Site "Netherlands NED"]
[Date "2006.09.23"]
[Round "1"]
[White "Muhren,B"]
[Black "Los,S"]
[Result "1/2-1/2"]
[WhiteElo "2295"]
[BlackElo "2324"]

1.e4 d6 2.d4 g6 3.Nc3 Bg7 4.f4 a6 5.Nf3 b5 6.Be3 Bb7 7.Bd3 Nd7 8.O-O c5 9.dxc5 Nxc5
10.Bxc5 dxc5 11.e5 Qb6 12.Be4 Bxe4 13.Nxe4 Nh6 14.Qe2 O-O 15.h3 f6 16.exf6 exf6
17.Qf2 f5 18.Nxc5 Bxb2 19.Rad1 Rfd8 20.Nd7 Qb7 21.Nfe5 Bxe5 22.Nxe5 Nf7 23.Qe3 Nxe5
24.fxe5 Rxd1 25.Rxd1 Re8 26.Rd6 Qc7 27.Qb3+ Kg7 28.Re6 Rd8 29.Qb4 Rd7 30.Re8 Kh6
31.Qf4+ Kg7 32.Qb4 Kh6 33.Kh2 Qc4 34.Qxc4 bxc4 35.Rc8 Rd4 36.Rc6 Re4 37.e6 a5
38.c3 Kg5 39.e7 h5 40.Rxc4 Rxe7 41.Kg3 h4+ 42.Kf3 Re1 43.a4 Ra1 44.Rd4 Ra3
45.Rc4 Ra1 46.Rd4 Ra2 47.Rc4 Ra1  1/2-1/2

[Event "TCh-NED 2006-7"]
[Site "Netherlands NED"]
[Date "2006.09.23"]
[Round "1"]
[White "Piket,M"]
[Black "Wustefeld,C"]
[Result "1-0"]
[WhiteElo "2334"]
[BlackElo "2248"]

1.d4 g6 2.e4 Bg7 3.Nc3 d6 4.Be3 c6 5.Nf3 Bg4 6.Bc4 e6 7.h3 Bxf3 8.Qxf3 d5
9.exd5 cxd5 10.Nxd5 Nc6 11.Nc3 Nge7 12.Ne2 O-O 13.O-O Rc8 14.Bb3 Nf5 15.c3 Na5
16.Nf4 Nxe3 17.fxe3 Qb6 18.Nd3 a6 19.Nc5 Rc7 20.Rf2 Re7 21.Ba4 Qc7 22.b4 Nc4
23.e4 Bh6 24.Bb3 Be3 25.Bxc4 Bxf2+ 26.Qxf2 b6 27.e5 bxc5 28.bxc5 Rb8 29.Rf1 a5
30.a4 Qd8 31.Bb5 Rc7 32.Qf3 Qg5 33.Qe4 Rf8 34.h4 Qh6 35.Rf4 Re7 36.c4 Rd8
37.d5 Rc7 38.c6 exd5 39.cxd5 Rxd5 40.e6 Rd1+ 41.Kh2 Re1 42.Qd4 Rd1 43.Qe5 Rc8
44.exf7+ Kf8 45.Qh8+ Ke7 46.Re4+  1-0

[Event "TCh-NED 2006-7"]
[Site "Netherlands NED"]
[Date "2006.09.23"]
[Round "1"]
[White "Van Rijn,A"]
[Black "Pel,B"]
[Result "1-0"]
[WhiteElo "2203"]
[BlackElo "2301"]

1.d4 d6 2.e4 g6 3.Nc3 Bg7 4.Be3 a6 5.Qd2 b5 6.a4 b4 7.Nd1 a5 8.c3 bxc3 9.bxc3 Nf6
10.f3 O-O 11.Bd3 e5 12.Ne2 c6 13.Nf2 Nbd7 14.f4 exd4 15.cxd4 c5 16.O-O cxd4
17.Bxd4 Nc5 18.Bc2 Ba6 19.Rfe1 Re8 20.Nc3 Ne6 21.Be3 Rc8 22.Nb5 Bxb5 23.axb5 d5
24.f5 Nf8 25.Rab1 Qc7 26.Bb3 dxe4 27.b6 Qe5 28.b7 Rcd8 29.Qa2 Re7 30.Bc4 Rb8
31.Rb5 Qc3 32.Bd2 Qd4 33.Be3 Qc3 34.Bd2 Qd4 35.Be3 Qd8 36.Reb1 N6d7 37.Qxa5 Qxa5
38.Rxa5 Ne5 39.Bd5 gxf5 40.Ra8 Ned7 41.Rc1 Be5 42.Rc8 Kg7 43.Ba7 e3 44.Nd3 e2
45.Ne1 Rxb7 46.Bxb7 Nf6 47.Bc5 Rxb7 48.Bxf8+ Kg6 49.Kf2 Bxh2 50.Ra6 Be5 51.Nf3 Bb2
52.Rcc6 Rd7 53.Rxf6+  1-0

[Event "XVI Gros Open"]
[Site "San Sebastian ESP"]
[Date "2006.09.23"]
[Round "3"]
[White "Hernandez Lopez,D"]
[Black "Izagirre Alsua,A"]
[Result "1-0"]
[WhiteElo "2002"]
[BlackElo "1720"]

1.e4 g6 2.d4 Bg7 3.Nc3 d6 4.h3 Nd7 5.Nf3 c5 6.Be3 cxd4 7.Nxd4 Ngf6 8.Bd3 a6
9.a4 O-O 10.O-O Nc5 11.a5 Nxd3 12.cxd3 Bd7 13.Qd2 Ne8 14.Nd5 Nc7 15.Nb6 Rb8
16.Ne2 Bc6 17.Rfc1 d5 18.Qb4 e6 19.Nd4 Be8 20.Nf3 Bc6 21.Bf4 f6 22.Bd6 Rf7
23.Nd4 Qe8 24.exd5 exd5 25.Re1 Qd8 26.Rac1 Bf8 27.Nxc6 bxc6 28.Rxc6 Bxd6
29.Qxd6 Kg7 30.Qc5 d4 31.Nc4 Rb5 32.Qd6 Rd5 33.Qxd8 Rxd8 34.Re4 Rfd7 35.Kf1 Nd5
36.Rxd4 Nb4 37.Rxd7+ Rxd7 38.Rd6 Re7 39.Ne3 Rc7 40.Ke2 Rc5 41.Rb6 Nc6 42.Rxa6 Nxa5
43.b4 Rc6 44.Ra7+ Kh6 45.bxa5 Rc1 46.a6 Ra1 47.Nc4 Ra2+ 48.Ke3 f5 49.Ra8 Kg5
50.a7 f4+ 51.Kf3 Ra6 52.Ke4 h6 53.Kd5 f3 54.gxf3 Kh4 55.Nd6 Kxh3 56.Nb5 Kg2
57.Rh8  1-0

[Event "Vojvodina Quality League m"]
[Site "Sremska Mitrovica SRB"]
[Date "2006.09.24"]
[Round "4"]
[White "Rosic,S1"]
[Black "Vujadinovic,G"]
[Result "1-0"]
[WhiteElo "2305"]
[BlackElo "2368"]

1.e4 d6 2.d4 g6 3.Nc3 Bg7 4.Be3 a6 5.Qd2 b5 6.O-O-O Bb7 7.f3 Nd7 8.g4 h5
9.gxh5 Rxh5 10.Nge2 Rc8 11.Nf4 Rh8 12.Bh3 b4 13.Ncd5 a5 14.Qg2 Nf8 15.Bxc8 Bxc8
16.Nd3 c6 17.N5f4 Qb6 18.Qf2 Qb5 19.Kb1 Nf6 20.h4 N6d7 21.b3 Ba6 22.Nb2 Nb6
23.Rdg1 Bf6 24.Rd1 Nfd7 25.h5 gxh5 26.e5 dxe5 27.Nxh5 Rf8 28.Nxf6+ exf6 29.dxe5 fxe5
30.Bxb6 Nxb6 31.Nc4  1-0

[Event "Tatry Open"]
[Site "Tatranske Zruby SVK"]
[Date "2006.09.24"]
[Round "2"]
[White "Markos,J"]
[Black "Malecek,J"]
[Result "1-0"]
[WhiteElo "2526"]
[BlackElo "2155"]

1.e4 g6 2.d4 Bg7 3.Nc3 d6 4.Be3 a6 5.f4 Nf6 6.Be2 c6 7.Nf3 O-O 8.Qd2 b5 9.a3 Qa5
10.e5 Ng4 11.Ne4 Qc7 12.Bg1 Nd7 13.Qb4 d5 14.Ned2 Re8 15.h3 Nh6 16.g4 a5
17.Qc3 Rb8 18.Nb3 b4 19.axb4 axb4 20.Qd2 e6 21.Be3 Kh8 22.f5 Ng8 23.f6 Bf8
24.h4 Ngxf6 25.exf6 Nxf6 26.Bf4 Bd6 27.Bxd6 Qxd6 28.Ne5 Kg7 29.Qh6+  1-0

[Event "XVI Gros Open"]
[Site "San Sebastian ESP"]
[Date "2006.09.26"]
[Round "6"]
[White "Rizouk,A"]
[Black "Aabling Thomsen,J"]
[Result "1-0"]
[WhiteElo "2447"]
[BlackElo "2271"]

1.e4 g6 2.d4 Bg7 3.Nc3 d6 4.Be3 a6 5.Nf3 Nd7 6.Bd3 b5 7.a4 b4 8.Ne2 c5 9.c3 bxc3
10.bxc3 Ngf6 11.h3 O-O 12.O-O Qa5 13.Nd2 Bb7 14.d5 Qc7 15.Rb1 e6 16.dxe6 fxe6
17.Nf4 Rae8 18.Qb3 Bc6 19.Nxe6 Rxe6 20.Qxe6+ Kh8 21.Nc4 d5 22.Nd6 dxe4 23.Bc4 h6
24.Rfd1 Kh7 25.Rd2 Bxa4 26.Nxe4 Nxe4 27.Qxe4 Qc6 28.Bd5  1-0

[Event "Tatry Open"]
[Site "Tatranske Zruby SVK"]
[Date "2006.09.26"]
[Round "5"]
[White "Alexaj,O"]
[Black "Silhava,J"]
[Result "1/2-1/2"]
[WhiteElo "2072"]
[BlackElo "1889"]

1.e4 g6 2.d4 d6 3.Nc3 Bg7 4.Nf3 Nc6 5.Be3 Nf6 6.h3 O-O 7.Qd2 Nd7 8.O-O-O Nb6
9.Bh6 a5 10.Bxg7 Kxg7 11.d5 Ne5 12.Ng5 f6 13.f4 fxg5 14.fxe5 e6 15.dxe6 Bxe6
16.exd6 a4 17.dxc7 Qxc7 18.Qd4+ Kg8 19.Nd5 Nxd5 20.exd5 Bf5 21.c3 Qd6 22.g4 Bd7
23.Qb4 Qg3 24.d6 Qe3+ 25.Kb1 b5 26.Bg2 Rf4 27.Bd5+ Kg7 28.Rhe1 Qa7 29.Rd4 Raf8
30.Rde4 Rxe4 31.Qxe4 Re8 32.Qh1 Qc5 33.Rd1 a3 34.Qf3 Rf8 35.Qe4 Qxd6 36.Bb3 Bc6
37.Qe3 Qc7 38.Qxg5 Be4+ 39.Ka1 axb2+ 40.Kxb2 Rf3 41.Rd7+ Qxd7 42.Qe5+ Rf6
43.Qxe4  1/2-1/2

[Event "15th TCh-CRO"]
[Site "Sibenik CRO"]
[Date "2006.09.27"]
[Round "6"]
[White "Saric,Iv"]
[Black "Horvath,Cs1"]
[Result "0-1"]
[WhiteElo "2394"]
[BlackElo "2534"]

1.e4 g6 2.d4 Bg7 3.Nc3 d6 4.Be3 a6 5.a4 b6 6.Bc4 e6 7.Nge2 Bb7 8.Qd2 Nd7
9.O-O Ngf6 10.f3 h6 11.Rae1 c5 12.dxc5 Ne5 13.Ba2 dxc5 14.Qc1 Qc7 15.Rd1 g5
16.Ng3 Ng6 17.Kh1 Nd7 18.f4 gxf4 19.Bxf4 Nxf4 20.Rxf4 h5 21.Qd2 Rd8 22.Rh4 Qe5
23.Qe2 Ke7 24.Re1 Nf6 25.Bc4 Qg5 26.e5 Ng4 27.Rh3 Rd2 28.Qf1 Bxg2+ 29.Qxg2 Rxg2
30.Kxg2 Nxe5 31.Ne4 Qg6  0-1

[Event "15th TCh-CRO"]
[Site "Sibenik CRO"]
[Date "2006.09.28"]
[Round "7"]
[White "Vitic,I"]
[Black "Rukavina,J"]
[Result "0-1"]
[WhiteElo "2331"]
[BlackElo "2404"]

1.e4 d6 2.d4 g6 3.Nc3 Bg7 4.f4 Nf6 5.Nf3 O-O 6.Bd3 Na6 7.O-O c5 8.d5 Bg4
9.h3 Bxf3 10.Qxf3 Nb4 11.a3 Nxd3 12.cxd3 Qb6 13.Kh1 Nd7 14.Qe2 Qb3 15.Bd2 c4
16.dxc4 Rac8 17.Rfe1 Qxc4 18.Qxc4 Rxc4 19.Rac1 Nc5 20.Nb1 Rxc1 21.Bxc1 Rc8
22.Nc3 Nd3 23.Rf1 Bxc3 24.bxc3 Rxc3 25.Be3 Rxa3 26.Rb1 b6 27.Kg1 Ra4 28.Rd1 Nc5
29.e5 Re4 30.Bxc5 bxc5 31.Ra1 Rxf4 32.Rxa7 Rf5 33.e6 fxe6 34.dxe6 Kf8 35.Ra8+ Kg7
36.Re8 Kf6 37.Rh8 h5 38.Rg8 Re5 39.Rf8+ Kxe6  0-1

[Event "Vojvodina Quality League m"]
[Site "Sremska Mitrovica SRB"]
[Date "2006.09.28"]
[Round "9"]
[White "Somborski,N"]
[Black "Vujadinovic,G"]
[Result "1-0"]
[WhiteElo "2377"]
[BlackElo "2368"]

1.e4 d6 2.d4 g6 3.Nc3 Bg7 4.Bg5 c6 5.Qd2 b5 6.f4 Qb6 7.Nf3 Bg4 8.O-O-O b4
9.Ne2 Nd7 10.h3 Bxf3 11.gxf3 Qa5 12.Kb1 h6 13.Bh4 Qh5 14.Be1 Rb8 15.f5 Qxf3
16.Ng3 e5 17.fxe6 fxe6 18.e5 d5 19.Bd3 Ne7 20.Rf1 O-O 21.Rxf3 Rxf3 22.Qg2 Rf7
23.h4 c5 24.Ne2 cxd4 25.Bxg6 Nxg6 26.Qxg6 Re8 27.Bg3  1-0

[Event "Tatry Open"]
[Site "Tatranske Zruby SVK"]
[Date "2006.09.28"]
[Round "7"]
[White "Tropp,F"]
[Black "Banoci,J"]
[Result "1-0"]
[WhiteElo "2182"]
[BlackElo "2016"]

1.e4 g6 2.d4 Bg7 3.Nc3 d6 4.Be3 a6 5.f3 e6 6.Qd2 b5 7.a3 Nd7 8.Nge2 Bb7 9.Ng3 h5
10.Bd3 h4 11.Nf1 c5 12.Be2 Qc7 13.d5 e5 14.Nd1 Ne7 15.g4 hxg3 16.Nxg3 c4
17.h4 Nc5 18.h5 f5 19.h6 Bf8 20.Bg5 f4 21.Nf1 Ng8 22.Nf2 Be7 23.Bxe7 Qxe7
24.Ng4 Bc8 25.Rg1 Nxh6 26.Nxh6 Rxh6 27.O-O-O g5 28.Qa5 g4 29.fxg4 Nxe4 30.Bf3 Ng5
31.Nd2 Kf7 32.Rh1 Rxh1 33.Rxh1 Kg7 34.a4 Bb7 35.Qc3 Rh8 36.Rh5 Rxh5 37.gxh5 Kh6
38.axb5 axb5 39.Kb1 Qf7 40.Qb4 Qd7 41.Qa3 Nxf3 42.Qxf3 Qf7 43.Qe4 Bxd5 44.Qe1 Qxh5  1-0

[Event "15th TCh-CRO"]
[Site "Sibenik CRO"]
[Date "2006.09.30"]
[Round "9"]
[White "Pavasovic,D"]
[Black "Nevednichy,V"]
[Result "1/2-1/2"]
[WhiteElo "2564"]
[BlackElo "2576"]

1.e4 g6 2.d4 Bg7 3.Nc3 d6 4.f4 Nf6 5.Nf3 O-O 6.Be3 b6 7.Qd2 c5 8.O-O-O cxd4
9.Bxd4 Nc6 10.Bxf6 Bxf6 11.e5 dxe5 12.Qe1 Qc7 13.Nd5 Qb8 14.Bb5 Bb7 15.Bxc6 Bxc6
16.fxe5 Bxd5 17.Rxd5 Bg7 18.Qe4 Qb7 19.Rhd1 Rac8 20.Qa4 Qb8 21.Qh4 e6 22.Rd6 h6
23.Qe4 b5 24.Rd7  1/2-1/2

[Event "TCh-BEL 2006-7"]
[Site "Belgium BEL"]
[Date "2006.10.01"]
[Round "1"]
[White "Ahn,M"]
[Black "Deleyn,G"]
[Result "1/2-1/2"]
[WhiteElo "2296"]
[BlackElo "2300"]

1.e4 g6 2.d4 Bg7 3.Nc3 d6 4.f4 Nc6 5.Be3 Nf6 6.Nf3 O-O 7.Qd2 e6 8.Bd3 Nb4
9.Be2 c6 10.a3 Na6 11.e5 Ng4 12.Bg1 dxe5 13.dxe5 Nc7 14.O-O-O Nd5 15.h3 Nh6
16.g4 Qa5 17.Nxd5 Qxd2+ 18.Rxd2 exd5 19.c4 dxc4 20.Bxc4 Be6 21.Bxe6 fxe6
22.Be3 Nf7 23.g5 Rfd8 24.Nd4 Re8 25.Rhd1 Bf8 26.Ne2 Be7 27.Nc3 b6 28.Rd7 Kf8
29.Ne4 h5 30.Rc7 Rec8 31.Rdd7 Rxc7 32.Rxc7 c5 33.Kc2 Ke8 34.Nf6+ Kf8 35.Nh7+ Kg8
36.Nf6+ Kf8 37.Bd2 Bd8 38.Rd7 Be7 39.Rc7 Bd8 40.Rd7 Be7 41.Bc3 Bd8 42.h4 Be7
43.Rc7 Bd8 44.Rc6 Ke7 45.b4 Rb8 46.bxc5 bxc5 47.Rxc5 Bb6 48.Rc6 a5 49.Kd3 Nd8
50.Rd6 Rb7 51.Bd4 Bxd4 52.Kxd4 Rc7 53.Ra6 Nc6+ 54.Kd3 Rc8 55.Rb6 Rc7 56.Ne4 Nd8
57.Nd6  1/2-1/2

[Event "15th TCh-CRO"]
[Site "Sibenik CRO"]
[Date "2006.10.02"]
[Round "11"]
[White "Jusic,Z"]
[Black "Sale,S"]
[Result "0-1"]
[WhiteElo "2400"]
[BlackElo "2438"]

1.e4 g6 2.d4 Bg7 3.Nc3 d6 4.Bg5 Nd7 5.f4 h6 6.Bh4 c5 7.Nf3 cxd4 8.Nxd4 Ngf6
9.Nb3 O-O 10.g4 Nc5 11.Nxc5 Bxg4 12.Nxb7 Qb6 13.Qd3 Qxb7 14.Rg1 Bh5 15.Qb5 Rab8
16.Qxb7 Rxb7 17.e5 dxe5 18.fxe5 Ng4 19.Be2 Nxe5 20.Nd5 Nf3+ 21.Bxf3 Bxf3
22.Nxe7+ Kh7 23.Kf2 Bh5 24.Rge1 Rxb2 25.Rac1 Rxa2 26.Nd5 g5 27.Bg3 Rc8 28.Bc7 a5
29.Ke3 Re8+ 30.Kd2 Rxe1 31.Kxe1 Bf3 32.c4 a4 33.Bg3 a3 34.Nc3 Ra1 35.Ne2 Bxe2
36.Rxa1 Bxa1  0-1

[Event "14th Open Valle d'Aosta"]
[Site "Saint Vincent ITA"]
[Date "2006.10.03"]
[Round "4"]
[White "Testa,Ad"]
[Black "De Santis,A"]
[Result "1/2-1/2"]
[WhiteElo "1729"]
[BlackElo "2337"]

1.e4 g6 2.d4 Bg7 3.Nc3 d6 4.Nf3 Nd7 5.Be3 a6 6.Qd2 h6 7.Bd3 b5 8.a4 b4 9.Ne2 a5
10.O-O Ngf6 11.c3 Rb8 12.Ng3 Ng4 13.Bb5 Nxe3 14.fxe3 O-O 15.cxb4 axb4 16.Bc6 Rb6
17.Rfc1 Nb8 18.Bb5 Ba6 19.Bxa6 Nxa6 20.b3 c5 21.Rc2 Qa8 22.Rac1  1/2-1/2

[Event "7th Veselin Boskovic Mem Op"]
[Site "Beograd SRB"]
[Date "2006.10.04"]
[Round "3"]
[White "Todorovic,GM"]
[Black "Pantovic,D"]
[Result "1-0"]
[WhiteElo "2467"]
[BlackElo "2206"]

1.e4 g6 2.d4 Bg7 3.Nc3 d6 4.Nf3 Nf6 5.Bc4 O-O 6.Qe2 Bg4 7.e5 Ne8 8.Bg5 dxe5
9.O-O-O e4 10.Qxe4 Bxf3 11.Qxf3 Nd6 12.Bd5 c6 13.Bb3 Nd7 14.h4 Nf5 15.h5 Nxd4
16.Rxd4 Bxd4 17.hxg6  1-0

[Event "WJun"]
[Site "Yerevan ARM"]
[Date "2006.10.04"]
[Round "2"]
[White "Khairullin,I"]
[Black "Shoker,S"]
[Result "1-0"]
[WhiteElo "2543"]
[BlackElo "2398"]

1.e4 g6 2.d4 Bg7 3.Nc3 d6 4.f4 Nf6 5.Nf3 c5 6.Bb5+ Bd7 7.e5 Ng4 8.Bxd7+ Qxd7
9.d5 dxe5 10.h3 e4 11.hxg4 exf3 12.Qxf3 Na6 13.Bd2 O-O-O 14.O-O-O Nb4 15.Ne4 Qa4
16.Bxb4 cxb4 17.Kb1 Kb8 18.f5 Rc8 19.Qe2 Rc7 20.d6 exd6 21.f6 Bf8 22.Rd5 Qe8
23.Rhd1 h5 24.g5 h4 25.Qd3 Qc6 26.c3 bxc3 27.Nxc3 a6 28.Re1 Rc8 29.Qe3 Qd7
30.Qh3 Qc6 31.g3 Re8 32.Rxe8+ Qxe8 33.gxh4 Qc6 34.Qg4 Qe8 35.Rd1 Qd8 36.Nd5 Qe8
37.Qc4 Qc6 38.Rc1 Qd7 39.Qc7+ Qxc7 40.Rxc7 Rh7 41.h5  1-0

[Event "56th TCh-BUL"]
[Site "Sunny Beach BUL"]
[Date "2006.10.06"]
[Round "2"]
[White "Janev,E"]
[Black "Bratanov,Z"]
[Result "0-1"]
[WhiteElo "2460"]
[BlackElo "2420"]

1.e4 g6 2.d4 Bg7 3.Nc3 d6 4.Be3 a6 5.h4 h5 6.Nh3 b5 7.Ng5 e6 8.Qd2 Nf6 9.f3 Nbd7
10.a4 b4 11.Ne2 Rb8 12.Nf4 O-O 13.a5 c5 14.dxc5 Nxc5 15.Kf2 Qc7 16.Be2 Bb7
17.Nd3 Nfd7 18.Nxb4 f6 19.Nxe6 Nxe6 20.Bxa6 f5 21.exf5 Rxf5 22.Bxb7 Qxb7
23.Nd3 Ndc5 24.a6 Qa8  0-1